000 00742nam a2200241 i 4500
001 17542
003 ES-MaACL
005 20250531063023.0
007 t|
008 010403s1999 sp ||||1| spa d
020 _a84-89846-92-8
080 _a821.161.1-31"18"
100 1 _aGoncharov, Ivan Aleksandrovich,
_d1812-1891
_958230
245 1 0 _aOblómov
_b: novela en cuatro partes /
_cIván A. Goncharov ; traducción Lydia Kúper de Velasco.
250 _a1ª ed.
260 _aBarcelona :
_bAlba,
_c1999.
300 _a644 p. ;
_c21 cm.
490 1 _aAlba clásica ;
_v29
700 1 _aKúper, Lydia,
_d1910-2011
_969046
830 1 _aAlba clásica ;
_v29
_9179792
852 4 _aES-MaACL
_jL-24455
999 _c17542
_d17542